00955 a2200157 45000010006000000050017000060080041000230030015000640400040000790800066001192450074001852640056002593000019003155050433003341000030007675860020260407155842.0260407a1970 arg spa dAR-UNSa-BCEJYS aAR-UNSa-BCEJYSbspacAR-UNSa-BCEJYS a336.226xTipos de impuestos. Impuestos directos e indirectos 10aEl impuesto sobre la renta de sociedadespAnálisis de su incidencia 1aMadrid :bInstituto de Desarrollo Económicoc1970 a327 p.c19 cm. a1. Consideraciones preliminares - 2. La terminología de los efectos económicos de la imposición - 3. Aspectos teóricos de la incidencia del impuesto sobre la renta de sociedades - 4. Los supuestos de uniformidad y generalidad del impuesto como condicionantes de la incidencia - 5. Los intentos de constratación empírica de las diferentes hipótesis sobre la incidencia del impuesto sobre la renta de las sociedades 1 aSánchez, Victorio Valle